LEADER 00947nam a2200229 i 4500 001 000000155544 003 CaOOAMICUS 005 20061114000000.0 008 061114s1931 it u000 u ita u 013 $a132896 040 $aSeMil$bita 100 1 $aVasari, Giorgio,$d<1511-1574>.$0(OLS)http://semarc/name/5115 245 13$aLe vite dei più celebri pittori, scultori e architetti /$cDi Giorgio Vasari. 250 $a4. ed. 260 $aFirenze :$bSalani,$c1931. 300 $a1053 p. ;$c23 cm. 500 $aIn mezzo al front : Con note e arricchita dei ritratti degli artisti. 650 4$aArtisti italiani - Biografie.$0(OLS)http://semarc/subject/30435 850 $aSeMil 852 $aSeMil$W1$xVenegono$y1$m5N VI 105$j107375$B107375$CSeMilBibl$Z2$F116788 $81 996 $6245$aLe vite dei più celebri pittori, scultori e architetti$9(OLS)http://semarc/title/227810 996 $6260$aFirenze :$bSalani$9(OLS)http://semarc/publisher/30185 LEADER 01102nam a2200217 i 4500 001 000000134528 003 CaOOAMICUS 005 20050207000000.0 008 050207s1931 it u000 u ita u 013 $a107699 040 $aSeMil$bita 100 1 $aCantini, Gustavo,$c.$0(OLS)http://semarc/name/20676 245 10$aNova lux Italiae :$bdiscorsi su Sant'Antonio di Padova e brani scelti dai sermoni autentici dello stesso santo /$cP. Gustavo Cantini , O.F.M. 260 $aTorino :$bSocietà Editrice Internazionale,$c1931. 300 $aXVIII, 354 p., [1] p. di tav. ;$c21 cm. 600 04$aAntonio : da Padova .$0(OLS)http://semarc/subject/2023 850 $aSeMil 852 $aSeMil$W1$xVenegono$y1$m54 137 *$j88261$B88261$CSeMilBibl$Z2$F92562 $81 961 $aRecupero: Biblioteca Seminario Seveso (fino al 1985) 996 $6245$aNova lux Italiae :$bdiscorsi su Sant'Antonio di Padova e brani scelti dai sermoni autentici dello stesso santo$9(OLS)http://semarc/title/196851 996 $6260$aTorino :$bSocietà Editrice Internazionale$9(OLS)http://semarc/publisher/29847 LEADER 00915nam a2200241 i 4500 001 000000167569 003 CaOOAMICUS 005 20071205000000.0 008 071205s1963 it u000 u ita u 013 $a144968 040 $aSeMil$bita 100 1 $aCurtius, Ernst Robert,$d<1886-1956>.$0(OLS)http://semarc/name/89370 245 10$aStudi di letteratura europea /$cErnst Robert Curtius. 260 $aBologna :$bIl Mulino,$ccopyr. 1963. 300 $aXV, 501 p. ;$c23 cm. 490 0 $aSaggi ;$v37 500 $aContiene : Appendice. 650 4$aLetteratura.$0(OLS)http://semarc/subject/3356 830 0$aSaggi ;$v37.$0(OLS)http://semarc/title/341 850 $aSeMil 852 $aSeMil$W1$xVenegono$y1$m1Q I 45$j118720$B118720$CSeMilBibl$Z2$F129572 $81 996 $6245$aStudi di letteratura europea$9(OLS)http://semarc/title/239720 996 $6260$aBologna :$bIl Mulino$9(OLS)http://semarc/publisher/29842 LEADER 00974nam a2200217 i 4500 001 000000182652 003 CaOOAMICUS 005 20151026000000.0 008 151026s1897 it u000 u fre u 013 $a160609 040 $aSeMil$bita 245 13$aLe vénérable serviteur de Dieu fra Gabriele dell'Addolorata passioniste :$b1838-1862. 260 $a[S.l. :$bs.n.],$c1897$e(Evreux :$fCharles Hérissey,$g1897) 300 $a11 p., [1] c. di tav. :$britr. ;$c26 cm. 500 $aN. 2 di ed. num. in 50 esemplari. 650 4$aReligiosi - Biografie.$0(OLS)http://semarc/subject/796 650 4$aPassionisti - Biografie.$0(OLS)http://semarc/subject/16674 850 $aSeMil 852 $aSeMil$W1$xVenegono$y1$m3J VI 35 FA$j133356$B133356$CSeMilBibl$Z2$F145184 $8I 996 $6245$aLe vénérable serviteur de Dieu fra Gabriele dell'Addolorata passioniste :$b1838-1862$9(OLS)http://semarc/title/262060 996 $6260$a[S.l. :$bs.n.]$9(OLS)http://semarc/publisher/29751 LEADER 01088nam a2200229 i 4500 001 000000186806 003 CaOOAMICUS 005 20100305000000.0 008 100305s1952 it u000 u ita u 013 $a164862 040 $aSeMil$bita 100 1 $aCazzani, Giovanni .$0(OLS)http://semarc/name/24118 245 10$aScritti pastorali /$cdi S. E. Mons. Giovanni Cazzani arcivescovo di Cremona ; scelti e coordinati da don Ercole Brocchieri ; presentazione di Mons. Cesare Rosa Vicario generale della Diocesi. 260 $a[Italia] :$bPaoline,$c1952. 300 $a344 p. ;$c25 cm. 500 $aContiene : Elenco cronologico delle Lettere Pastorali di S. E. Monsignor Giovanni Cazzani. 650 4$aPastorale.$0(OLS)http://semarc/subject/3408 700 1 $aRosa, Cesare .$0(OLS)http://semarc/name/57105 850 $aSeMil 852 $aSeMil$W1$xVenegono$y1$m3F IV 313$j137493$B137493$CSeMilBibl$Z2$F148995 $81 996 $6245$aScritti pastorali$9(OLS)http://semarc/title/78774 996 $6260$a[Italia] :$bPaoline$9(OLS)http://semarc/publisher/31241